000 00533nam a2200193Ia 4500
005 20250326142254.0
008 250326s9999 xx 000 0 und d
020 _a81-85989-74-5
037 _aTextbook
040 _aFMSL
_beng
_cFMSL
041 _aeng
_2eng
084 _aX:8K P1;1
_qFMSL
100 _aMittal L
245 0 _aCost accounting
_cMittal L; Mittal D K
260 _aNew Delhi
_bNew Delhi, Galgotia Publishing Company
_c2001
300 _a1330p
942 _cTB
_hX:8K P1;1
999 _c1294237
_d1294237